Statistiken für Filmtitel vervollständigen - mal anders

Klicken Sie hier um das Quiz zu spielen!

Allgemein

  • Dieses Quiz wurde 1.263 mal gespielt
  • Das Durchschnittsergebnis liegt bei 12 aus 20

Antwortstatistiken

Main TitelTitelzusatz% Korrekt
AvengersInfinity War
87%
Star WarsDie dunkle Bedrohung
86%
Die Tribute von PanemMockingjay Teil 1
85%
SpidermanHomecoming
85%
Herr der RingeDie Gefährten
84%
James BondNo Time To Die
80%
Ice AgeJetzt taut's
79%
The Fast and the FuriousTokio Drift
77%
Lara CroftTomb Raider
75%
Indiana Jonesund das Königreich des Kristallschädels
73%
Star TrekInto Darkness
49%
Fluch der KaribikAm Ende der Welt
48%
ShrekDer tollkühne Held
47%
Die Chroniken von NarniaDie Reise auf der Morgenröte
38%
TransformersÄra des Untergangs
38%
Jurassic WorldDas gefallene Königreich
28%
Terminator 2Tag der Abrechnung
28%
2001Odyssee im Weltraum
27%
X-MenApocalypse
26%
Austin PowersDas Schärfste, was ihre Majestät zu bieten hat
16%

Verteilung der Resultate

Perzentil nach korrekt beantworteten Fragen

Anzahl Personen mit jedem Resultat

Ihre Resultats-Entwicklung

Sie haben dieses Quiz noch nicht gespielt